Thea Stilton and the Dragon's Code (Record no. 12237)

MARC details
000 -LEADER
fixed length control field 00269nam a22000977a 4500
008 - FIXED-LENGTH DATA ELEMENTS--GENERAL INFORMATION
fixed length control field 230403b |||||||| |||| 00| 0 eng d
020 ## - INTERNATIONAL STANDARD BOOK NUMBER
International Standard Book Number 9780545103671
100 ## - MAIN ENTRY--PERSONAL NAME
Personal name Stilton Geronimo
9 (RLIN) 7367
245 ## - TITLE STATEMENT
Title Thea Stilton and the Dragon's Code
260 ## - PUBLICATION, DISTRIBUTION, ETC. (IMPRINT)
Place of publication, distribution, etc. India
Name of publisher, distributor, etc. Repro India
Date of publication, distribution, etc. 2017
Holdings
Withdrawn status Lost status Source of classification or shelving scheme Damaged status Koha normalized classification for sorting Not for loan Home library Current library Shelving location Date acquired Total Checkouts Full call number Barcode Date last seen Date last checked out Price effective from Koha item type
    Dewey Decimal Classification   STI_853_920000000000000   Good Samaritan School Library Good Samaritan School Library FICTION 04/03/2023 12 STI853.92 STI17478 01/27/2026 12/15/2025 04/03/2023 BOOK

Powered by Koha